000
00302nam a2200109Ia 4500
008
171211s9999 xx 000 0 und d
245
_a
Wall Turbulence Control
245
_c
Sedat Tardu
260
_c
2017
650
_x
Engineering and Technology
856
_u
http://down.ebook777.com/065/1848215592.pdf
999
_c
350277
_d
350277